header

A sneetch is a sneetch and other philosophical discoveries (Record no. 61372)

MARC details
000 -LEADER
fixed length control field 02882nam a2200373 a 4500
082 04 - DEWEY DECIMAL CLASSIFICATION NUMBER
Classification number 809/.89282
100 1# - MAIN ENTRY--AUTHOR NAME
Personal name Wartenberg, Thomas E.
245 12 - TITLE STATEMENT
Title A sneetch is a sneetch and other philosophical discoveries
260 ## - PUBLICATION, DISTRIBUTION, ETC. (IMPRINT)
Place of publication Hoboken :
Name of publisher John Wiley,
Year of publication 2013.
300 ## - PHYSICAL DESCRIPTION
Number of Pages x, 164 p. :
Other physical details ill.
505 0# - FORMATTED CONTENTS NOTE
Formatted contents note Harold and the purple crayon: can you get wet swimming in an imaginary ocean? -- The important book: is a leopard without its spots still a leopard? -- Shrek!: could a dead skunk smell good? -- Let's do nothing: can you just do nothing at all? -- Knuffle Bunny: how do you know I'm angry if I don't say so? -- Many moons: do experts really know more? -- Yellow and pink: could human life have arisen purely by chance? -- Morris the Moose: how do you know when you've made a mistake? -- Emily's art: what's the difference between saying the Mona Lisa is a great painting and vanilla is your favorite flavor? -- Miss Nelson is missing!: is it okay for adults to deceive kids? -- The giving tree: how can it be wrong to give someone what they want? -- "Cookies": what good is having will-power if you don't have any more cookies? -- Frederick: can you enjoy doing something even if it's work? -- The sneetches: isn't it all right to discriminate in choosing your friends? -- The paper bag princess: what's wrong with "living happily ever after"? -- The big orange splot: is there anything wrong with conformity? -- Taking picture books seriously -- MS 1: who's who: thumbnail biographies of the philosophers -- MS 2: what's what: key philosophical terms -- MS 3: next steps: even more philosophical picture books -- MS 4: next steps: digger deeper into philosophy.
650 #0 - SUBJECT ADDED ENTRY--TOPICAL TERM
Topical Term Children's literature
Topical Term Philosophy in literature.
Topical Term Children
Topical Term Knowledge, Theory of, in literature.
700 1# - ADDED ENTRY--PERSONAL NAME
Personal name Kinigstein, Joy.
856 40 - ELECTRONIC LOCATION AND ACCESS
Uniform Resource Identifier http://site.ebrary.com/lib/rucke/Doc?id=10667437

No items available.

© 2026 Rongo University
Contact us: librarian | system librarian | Rongo university